000 00864nam a2200265Ia 4500
003 OSt
005 20220927105921.0
006 a|||||r|||| 00| 0
007 ta
008 220926b |||||||| |||| 00| 0 eng d
024 _a34576
037 _cReference Collections
040 _aRTL
_cRTL
_beng
041 _2eng
_aeng
082 _a"X:75:f.2.N53t, J5"
110 _a"India, Planning (commission) (Govt. of.....)"
_9375697
111 _aResearch Programmes (Committee) Chairman : V T Krishnamachari (1953 : )
_9375698
245 0 _aReport
260 _aDelhi
_b"India, Planning (Commission) India "
_c1955
300 _a41p.
_ccm.
650 _aPlanned Economy
700 _a"India, Planning (commission) (Govt. of.....)"
_9375699
942 _h"X:75:f.2.N53t, J5"
_cCC
999 _c695223
_d695223